| 000 | 00936nas a2200325 4500 | ||
|---|---|---|---|
| 001 | BR2014000415 | ||
| 003 | BR-BrBNA | ||
| 005 | 20231205123622.0 | ||
| 007 | ta | ||
| 008 | 230509b bl.|||p| |||| 00| 00por d | ||
| 040 |
_aBR-BrBNA _bpor _cBiblioteca Nacional de Agricultura |
||
| 041 | _a(Pt) | ||
| 072 | _aM12; Q54 | ||
| 100 | 1 | _aSignor, A.A. | |
| 100 | 1 | _aPotrich, F.R. | |
| 100 | 1 | _aFeiden, A. | |
| 100 | 1 | _aBoscolo, W.R. | |
| 100 | 1 | _aRibeiro, R.P. | |
| 100 | 1 | _aVargas, L. | |
| 245 | 1 | _aVitamina A em dieta de juvenis de pacu cultivados em tanques-rede | |
| 650 | _aPACU | ||
| 650 | _aVITAMINA A | ||
| 650 | _aDIETA | ||
| 650 | _aSUPLEMENTO ALIMENTAR | ||
| 650 | _aRAÇÃO | ||
| 650 | _aCOMPOSIÇÃO DE ALIMENTO | ||
| 773 | 0 |
_tPesquisa Agropecuária Brasileira (Brazil) _xISSN 0100-204X _g(Aug 2013), v. 48(8) p. 1103-1109 _wBR2014000415 |
|
| 909 |
_a202311 _bLúcia _c55 _dLúcia Elande |
||
| 942 |
_2AGRIS _n0 _cANA |
||
| 999 |
_c234824 _d234824 |
||